La revolución dietética del Dr. Atkins /

Na minha lista:
Detalhes bibliográficos
Autor principal: Atkins, Robert C. (autor)
Outros Autores: Martínez, Sebastián (traducción) (traducción), Vigil, Luis (traducción) (traducción)
Formato: Livro
Idioma:espanhol
Publicado em: Barcelona, España : Grijalbo, 1976, c1975
Tags: Adicionar Tag
Sem tags, seja o primeiro a adicionar uma tag!

MARC

LEADER 00000nam^a2200000^a^4500
001 000621551
005 20250925000000.0
009 20260310133901.809
020 |a 84-253-0454-7 
037 |a Acervo ITESO - Biblioteca 
041 |a ESP 
091 |a FOB. 01955 
100 |a Atkins, Robert C.  |e (autor) 
245 1 0 |a La revolución dietética del Dr. Atkins / 
264 4 |a Barcelona, España :  |b Grijalbo,  |c 1976, c1975 
300 |a 397 p. 
336 |a texto  |b txt  |2 rdacontenido 
337 |a sin mediación  |b n  |2 rdamedio 
338 |a volumen  |b nc  |2 rdasoporte 
649 |a XX 
700 |a Martínez, Sebastián  |e (traducción) 
700 |a Vigil, Luis  |e (traducción) 
910 |a Fondo Carlos de Obeso Orendain 
920 |a Impresos - Libros 
930 |a Fondos Especiales 
905 |a 147 
901 |a 621551-10  |b IT2  |c ESP  |i D  |u 20250925 
902 |a https://opac.biblio.iteso.mx/vufind/Record/000621551